[Event "GER-ch U16 Girls"]
[Site "Willingen"]
[Date "2024.05.25"]
[Round "9"]
[White "Hasselmann, Isabelle Sophia"]
[Black "Heuberger, Sandra"]
[Result "1-0"]
[WhiteElo "1652"]
[BlackElo "1554"]
[PlyCount "87"]
[EventDate "2024.05.19"]
[EventType "swiss"]
[EventRounds "9"]
[EventCountry "GER"]
[SourceTitle "CBM 220 Extra"]
[Source "ChessBase"]
[SourceDate "2024.07.31"]
[SourceVersion "1"]
[SourceVersionDate "2024.07.31"]
[SourceQuality "1"]

1. e4 e5 2. Qh5 Nc6 3. Bc4 g6 4. Qf3 Nf6 5. Ne2 Bg7 6. Nbc3 0-0 7. a3 d6 8. d3 Nd4 9. Nxd4 exd4 10. Ne2 c5 11. Nf4 Bd7 12. h4 b5 13. Ba2 h5 14. Nxg6 Re8 15. 0-0 c4 16. Nf4 Ng4 17. Qg3 Bf6 18. Nxh5 Bxh4 19. Qxd6 Re5 20. Nf4 Be7 21. Qxd4 Bc5 22. Qc3 Qh4 23. Nh3 Nxf2 24. Rxf2 Bxh3 25. d4 Bb6 26. gxh3 Rxe4 27. Rg2+ Kh7 28. Qg3 Bxd4+ 29. Kf1 Qf6+ 30. Rf2 Bxf2 31. Qxf2 Qg6 32. c3 Rd8 33. Be3 Qh5 34. Bb1 Qd1+ 35. Kg2 Rg8+ 36. Kh2 Qd6+ 37. Bf4 Qe6 38. Bxe4+ Qxe4 39. Qh4+ Kg7 40. Bh6+ Kh7 41. Qxe4+ Kxh6 42. Qh4+ Kg7 43. Rg1+ Kf8 44. Qd8# 1-0

[Event "GER-ch U16 Girls"]
[Site "Willingen"]
[Date "2024.05.21"]
[Round "4"]
[White "Stasaitis, Paulina"]
[Black "Hasselmann, Isabelle Sophia"]
[Result "0-1"]
[WhiteElo "1689"]
[BlackElo "1652"]
[PlyCount "46"]
[EventDate "2024.05.19"]
[EventType "swiss"]
[EventRounds "9"]
[EventCountry "GER"]
[SourceTitle "CBM 220 Extra"]
[Source "ChessBase"]
[SourceDate "2024.07.31"]
[SourceVersion "1"]
[SourceVersionDate "2024.07.31"]
[SourceQuality "1"]

1. e4 e6 2. d4 d5 3. exd5 exd5 4. Bd3 Nc6 5. Nf3 Bg4 6. c3 Nf6 7. 0-0 Qd6 8. h3 Bh5 9. Re1+ Be7 10. Bg5 0-0-0 11. g4 Bg6 12. Ne5 Ne4 13. Bxe7 Nxe7 14. f3 f6 15. fxe4 fxe5 16. exd5 exd4 17. Bf1 Nxd5 18. cxd4 Qg3+ 19. Kh1 Ne3 20. Qe2 Be4+ 21. Bg2 Bxg2+ 22. Kg1 Bf3+ 23. Qg2 Qxg2# 0-1

[Event "GER-chT U20 Girls"]
[Site "Magdeburg"]
[Date "2023.12.28"]
[Round "4.4"]
[White "Hasselmann, Isabelle Sophia"]
[Black "Komar, Valeriia"]
[Result "1-0"]
[WhiteElo "1324"]
[BlackElo "1386"]
[PlyCount "53"]
[EventDate "2023.12.26"]
[EventType "team-swiss"]
[EventRounds "7"]
[EventCountry "GER"]
[SourceTitle "CBM 218 Extra"]
[Source "ChessBase"]
[SourceDate "2024.03.31"]
[SourceVersion "1"]
[SourceVersionDate "2024.03.31"]
[SourceQuality "1"]
[WhiteTeam "Lichtenberg Borussia"]
[BlackTeam "Kreuzberg"]
[WhiteTeamCountry "GER"]
[BlackTeamCountry "GER"]

1. e4 e5 2. Bc4 Nf6 3. d4 Nxe4 4. dxe5 Qe7 5. Nf3 Qc5 6. Qe2 Qc6 7. e6 fxe6 8. Ne5 Qc5 9. Qxe4 d5 10. Qf4 dxc4 11. Qf7+ Kd8 12. Bg5+ Be7 13. Qxg7 Re8 14. 0-0 Bd7 15. Rd1 Kc8 16. Nc3 b6 17. Ne4 Qb4 18. c3 Qb5 19. Bxe7 Rxe7 20. Qxe7 Qxe5 21. Nf6 Qb5 22. Nxd7 Nxd7 23. Qe8+ Kb7 24. Qxd7 Qxb2 25. Qxe6 Qxc3 26. Qe4+ Ka6 27. Qxa8 1-0

[Event "GER-chT U20 Girls"]
[Site "Magdeburg"]
[Date "2023.12.27"]
[Round "2.9"]
[White "Brewig, Becky"]
[Black "Hasselmann, Isabelle Sophia"]
[Result "0-1"]
[WhiteElo "1425"]
[BlackElo "1324"]
[PlyCount "80"]
[EventDate "2023.12.26"]
[EventType "team-swiss"]
[EventRounds "7"]
[EventCountry "GER"]
[SourceTitle "CBM 218 Extra"]
[Source "ChessBase"]
[SourceDate "2024.03.31"]
[SourceVersion "1"]
[SourceVersionDate "2024.03.31"]
[SourceQuality "1"]
[WhiteTeam "Annaberg Buchholz"]
[BlackTeam "Lichtenberg Borussia"]
[WhiteTeamCountry "GER"]
[BlackTeamCountry "GER"]

1. e4 e6 2. d4 d5 3. e5 c5 4. c3 Nc6 5. Nf3 Qb6 6. a3 c4 7. Nbd2 Na5 8. Rb1 Bd7 9. Be2 Rc8 10. 0-0 Ne7 11. Ng5 h6 12. Nh3 Ng6 13. Kh1 Be7 14. Bh5 Nh4 15. Nf4 0-0 16. Qe1 Ba4 17. Bd1 Bd7 18. Qe2 Bg5 19. Qg4 f6 20. Nh5 fxe5 21. Nf3 Nf5 22. Nxg5 hxg5 23. Qxg5 exd4 24. g4 Rf7 25. gxf5 exf5 26. Rg1 Qd8 27. cxd4 Nc6 28. Qxd8+ Nxd8 29. Bh6 Ne6 30. Bf3 Bc6 31. Rg6 Nxd4 32. Bxg7 Nxf3 33. Nf6+ Rxf6 34. Bxf6+ Kf7 35. Rh6 d4 36. Rd1 Nd2+ 37. f3 Bxf3+ 38. Kg1 Rg8+ 39. Kf2 Rg2+ 40. Ke1 Re2# 0-1

[Event "GER-ch U25-C"]
[Site "Willingen"]
[Date "2023.06.03"]
[Round "9"]
[White "Hasselmann, Isabelle Sophia"]
[Black "Reh, Krispin"]
[Result "1/2-1/2"]
[WhiteElo "1110"]
[BlackElo "1083"]
[PlyCount "68"]
[EventDate "2023.05.27"]
[EventType "swiss"]
[EventRounds "9"]
[EventCountry "GER"]
[SourceTitle "CBM 214 Extra"]
[Source "ChessBase"]
[SourceDate "2023.07.31"]
[SourceVersion "1"]
[SourceVersionDate "2023.07.31"]
[SourceQuality "1"]

1. e4 c6 2. Nf3 d5 3. Nc3 dxe4 4. Nxe4 Bf5 5. Ng3 Bg6 6. h4 Nd7 7. h5 Bxc2 8. Qxc2 h6 9. d4 e6 10. Bd3 Ngf6 11. 0-0 Bd6 12. Ne4 Bc7 13. Nxf6+ Nxf6 14. Be3 Nxh5 15. Ne5 Nf6 16. Rad1 0-0 17. Qc1 Bd6 18. Bxh6 gxh6 19. Qxh6 Re8 20. g4 Bf8 21. Qh3 Bg7 22. g5 Kf8 23. gxf6 Bxf6 24. Qh6+ Bg7 25. Qf4 Bf6 26. Ng4 Qxd4 27. Qxd4 Bxd4 28. b3 Ke7 29. Ne3 Rg8+ 30. Kh2 Rg5 31. Ng2 Rh8+ 32. Kg1 Rgh5 33. Nf4 Rg5+ 34. Ng2 Rgh5 1/2-1/2

[Event "GER-ch U25-C"]
[Site "Willingen"]
[Date "2023.06.02"]
[Round "8"]
[White "Andrade, Levin"]
[Black "Hasselmann, Isabelle Sophia"]
[Result "0-1"]
[WhiteElo "840"]
[BlackElo "1110"]
[PlyCount "66"]
[EventDate "2023.05.27"]
[EventType "swiss"]
[EventRounds "9"]
[EventCountry "GER"]
[SourceTitle "CBM 214 Extra"]
[Source "ChessBase"]
[SourceDate "2023.07.31"]
[SourceVersion "1"]
[SourceVersionDate "2023.07.31"]
[SourceQuality "1"]

1. e4 e6 2. d4 d5 3. Bd3 c5 4. exd5 exd5 5. c3 Nc6 6. Nf3 Bg4 7. Be3 Qb6 8. Qc2 Bxf3 9. gxf3 cxd4 10. cxd4 Bb4+ 11. Nc3 Nf6 12. a3 Be7 13. Qa4 Qxb2 14. Rc1 Qxa3 15. Qxa3 Bxa3 16. Rb1 Bb4 17. Bd2 a6 18. 0-0 0-0 19. Kh1 b5 20. Rfd1 Ba5 21. Nxd5 Nxd5 22. Bxa5 Nxa5 23. Be4 Nc3 24. Bxa8 Nxd1 25. Rxd1 Rxa8 26. d5 Rd8 27. d6 Kf8 28. Kg2 Nc4 29. d7 Ke7 30. Kg3 Rxd7 31. Rxd7+ Kxd7 32. Kg4 b4 33. Kf4 b3 0-1

[Event "GER-ch U25-C"]
[Site "Willingen"]
[Date "2023.05.31"]
[Round "6"]
[White "Schilay, Vinzenz"]
[Black "Hasselmann, Isabelle Sophia"]
[Result "0-1"]
[WhiteElo "1052"]
[BlackElo "1110"]
[PlyCount "42"]
[EventDate "2023.05.27"]
[EventType "swiss"]
[EventRounds "9"]
[EventCountry "GER"]
[SourceTitle "CBM 214 Extra"]
[Source "ChessBase"]
[SourceDate "2023.07.31"]
[SourceVersion "1"]
[SourceVersionDate "2023.07.31"]
[SourceQuality "1"]

1. e4 e6 2. d4 d5 3. exd5 exd5 4. Bd3 Nc6 5. Qf3 Nxd4 6. Qe3+ Ne6 7. Ne2 Bc5 8. Qf3 Nf6 9. b3 0-0 10. 0-0 b6 11. Bb2 Ng5 12. Qg3 Nh5 13. Qe5 Bd6 14. Qc3 Re8 15. Nd2 Be5 16. Nd4 Nh3+ 17. Kh1 Qh4 18. N2f3 Nxf2+ 19. Kg1 Ng4 20. Nxh4 Bxh2+ 21. Kh1 Ng3# 0-1

[Event "GER-ch Youth-C"]
[Site "Willingen"]
[Date "2022.06.09"]
[Round "7"]
[White "Weidenhoefer, Ben"]
[Black "Hasselmann, Isabelle Sophia"]
[Result "0-1"]
[WhiteElo "1044"]
[BlackElo "1270"]
[PlyCount "113"]
[EventDate "2022.06.04"]
[EventType "swiss"]
[EventRounds "9"]
[EventCountry "GER"]
[SourceTitle "CBM 208 Extra"]
[Source "ChessBase"]
[SourceDate "2022.07.31"]
[SourceVersion "1"]
[SourceVersionDate "2022.07.31"]
[SourceQuality "1"]

1. d4 d5 2. e3 Nf6 3. Bd3 c5 4. c3 Nc6 5. f4 Bg4 6. Nf3 e6 7. Nbd2 Be7 8. h3 Bh5 9. 0-0 0-0 10. Be2 Bg6 11. Ne5 Nxe5 12. fxe5 Ne4 13. Nxe4 Bxe4 14. Bd3 Bxd3 15. Qxd3 c4 16. Qe2 f6 17. Qg4 f5 18. Qh5 Qd7 19. Bd2 b5 20. Be1 Qe8 21. Qe2 Qg6 22. Rf3 Qh5 23. Rf2 Qxe2 24. Rxe2 a5 25. a3 Rfb8 26. Rf2 Bh4 27. Rf4 Bxe1 28. Rxe1 b4 29. cxb4 axb4 30. axb4 Rxb4 31. Rf2 Ra2 32. Ree2 g5 33. b3 Rxe2 34. Rxe2 Rxb3 35. Rc2 Rxe3 36. Kf1 h6 37. Ra2 Rb3 38. Ra8+ Kf7 39. Ra7+ Ke8 40. Ra8+ Kd7 41. Rh8 Rd3 42. Rxh6 c3 43. Ke2 Rxd4 44. Ke3 c2 45. Kxd4 c1Q 46. Rh7+ Kc6 47. Kd3 Qb1+ 48. Kc3 Qa1+ 49. Kb4 d4 50. Rh8 Qc3+ 51. Ka4 Kb7 52. Rh7+ Kb6 53. Rh6 Qc4+ 54. Ka3 d3 55. Rh8 Qc5+ 56. Ka4 Qxe5 57. Rb8+ 0-1

[Event "GER-ch Youth-C"]
[Site "Willingen"]
[Date "2022.06.08"]
[Round "6"]
[White "Hasselmann, Isabelle Sophia"]
[Black "Fize, Aleksandrs"]
[Result "1-0"]
[WhiteElo "1270"]
[BlackElo "933"]
[PlyCount "97"]
[EventDate "2022.06.04"]
[EventType "swiss"]
[EventRounds "9"]
[EventCountry "GER"]
[SourceTitle "CBM 208 Extra"]
[Source "ChessBase"]
[SourceDate "2022.07.31"]
[SourceVersion "1"]
[SourceVersionDate "2022.07.31"]
[SourceQuality "1"]

1. e4 c5 2. Nc3 e6 3. f4 Nc6 4. Nf3 Qc7 5. d3 a6 6. a4 b6 7. Be2 Bb7 8. 0-0 Nf6 9. Qe1 Nb4 10. Qd2 Be7 11. Nd1 0-0 12. b3 Rad8 13. Nf2 d5 14. e5 Ne4 15. Nxe4 dxe4 16. Ne1 Qd7 17. Qc3 Qc6 18. dxe4 a5 19. Qg3 Qxe4 20. Be3 Nd5 21. Rf3 Nc3 22. Bd3 Rxd3 23. cxd3 Qxd3 24. Nxd3 Ne2+ 25. Kf2 Nxg3 26. Rxg3 Bh4 27. Kg1 Bxg3 28. hxg3 Rd8 29. Nb2 Be4 30. Kf2 h6 31. Rd1 Rxd1 32. Nxd1 Bc2 33. Nc3 Bxb3 34. g4 Kf8 35. f5 exf5 36. gxf5 Ke7 37. Kf3 f6 38. e6 h5 39. Bf4 c4 40. Ke4 Bxa4 41. Nxa4 b5 42. Nc3 b4 43. Nd5+ Ke8 44. Bd6 b3 45. Nc7+ Kd8 46. e7+ Kc8 47. e8Q+ Kb7 48. Qa8+ Kb6 49. Qa6# 1-0

[Event "GER-ch Youth-C"]
[Site "Willingen"]
[Date "2022.06.06"]
[Round "3"]
[White "Menne, Lukas"]
[Black "Hasselmann, Isabelle Sophia"]
[Result "1-0"]
[WhiteElo "1150"]
[BlackElo "1270"]
[PlyCount "133"]
[EventDate "2022.06.04"]
[EventType "swiss"]
[EventRounds "9"]
[EventCountry "GER"]
[SourceTitle "CBM 208 Extra"]
[Source "ChessBase"]
[SourceDate "2022.07.31"]
[SourceVersion "1"]
[SourceVersionDate "2022.07.31"]
[SourceQuality "1"]

1. d4 d5 2. Nf3 e6 3. Bf4 Nf6 4. e3 Nc6 5. c3 Bd6 6. Bg3 0-0 7. Bd3 Re8 8. Qe2 e5 9. dxe5 Nxe5 10. Nxe5 Bxe5 11. Bxe5 Rxe5 12. 0-0 Re8 13. Nd2 c5 14. Qf3 Qe7 15. Bc2 b6 16. Ba4 Bd7 17. Bxd7 Qxd7 18. Nb3 Rad8 19. Rfe1 h6 20. Rad1 Qa4 21. Nc1 Qc2 22. Qe2 Qa4 23. Qf3 d4 24. Qf4 Kf8 25. exd4 Rxe1+ 26. Rxe1 cxd4 27. cxd4 Qxd4 28. Qxd4 Rxd4 29. Kf1 Rd2 30. Re2 Rd1+ 31. Re1 Rxe1+ 32. Kxe1 Ke7 33. f3 Kd6 34. Kd2 Kd5 35. Kd3 g5 36. g4 Nd7 37. b3 Nc5+ 38. Ke3 Ke5 39. h3 f5 40. Ne2 fxg4 41. hxg4 b5 42. Nc3 b4 43. Nb5 a5 44. Nd4 Kd5 45. Nf5 a4 46. Nd4 a3 47. Nc2 Na6 48. f4 Ke6 49. f5+ Ke5 50. Nd4 Kf6 51. Ke4 Nc7 52. Nc6 Na6 53. Kd4 h5 54. gxh5 Kxf5 55. Ne7+ Ke6 56. h6 Kf6 57. h7 Kg7 58. Kc4 g4 59. Nf5+ Kxh7 60. Kb5 Nc7+ 61. Kxb4 Nd5+ 62. Kxa3 Kg6 63. Ng3 Kf6 64. b4 Ke6 65. Ka4 Nc3+ 66. Kb3 Kd6 67. Kxc3 1-0